Odwiedzone państwa prez Formułe 1 - Statystyki

Ogólne statystyki
  • Ten quiz został rozwiązany 52 razy
  • Średni wynik to 29 z 34
Statystyki odpowiedzi
Państwa % Poprawnych
Stany Zjednoczone
100%
Niemcy
98%
Włochy
98%
Hiszpania
96%
Kanada
96%
Argentyna
93%
Brazylia
93%
Francja
93%
Holandia
93%
Meksyk
93%
Australia
91%
Austria
91%
Belgia
91%
Chiny
91%
Japonia
91%
Rosja
91%
Arabia Saudyjska
89%
Korea Południowa
89%
Portugalia
89%
Wielka Brytania
89%
Katar
87%
Bahrajn
84%
Monako
84%
Szwecja
82%
Węgry
82%
Indie
80%
Malezja
78%
Turcja
73%
Republika Południowej Afryki
71%
Szwajcaria
71%
Zjednoczone Emiraty Arabskie
71%
Singapur
69%
Azerbejdżan
60%
Maroko
53%
Nie znaleziono quizów pasujących do podanych kryteriów
Rozkład punktacji
Procent ludzi z każdym wynikiem
Percentyl według liczby udzielonych odpowiedzi
Twoja historia wyników
Nie rozwiązałeś tego quizu